000 00505nam a2200181Ia 4500
003 OSt
005 20240624163221.0
008 210210b1948 xxu||||| |||| 00| 0 eng d
040 _aAL
_c
041 _aKannada
082 _a859/2258
100 _aHARIDASA RAV (M)
_927746
_dಹರಿದಾಸ ರಾವ್ (ಎಂ)
245 _aBalina gida ಬಾಳಿನ ಗಿಡ
260 _aHubballi
_bSarvoday Sahity Prakashan
_c1948
690 _aKannada Fiction
_927749
906 _a022972
942 _2ddc
_cBK
999 _c147805
_d147805